000 00582nam a22001937a 4500
005 20241122124107.0
010 _aENG-142486
020 _a9788170007227
_c650.00
035 _aEN-126018
037 _bDBAD
082 _21
_a371.33400954
100 _aKhan. Javed
_974039
245 _aInformation and Communication Technology/
_cby Javed Khan
250 _a1
260 _bEss Ess Publications
_c2014
_aNew Delhi
270 _a4831/24, Ansari Road , Darya Ganj,
_bNew Delhi
_e110002
300 _ax,173p
_b22cm (HB)
942 _2ddc
_cEN
_e1
_mKHA
_h371.33400954
999 _c206823
_d206823